[Event "DVM U16 2020"]
[Site "Willingen GER"]
[Date "2021.06.25"]
[Round "4"]
[White "Khanbekyan, Areg"]
[Black "Frank, Marek"]
[Result "0-1"]
[Termination "normal"]
[Board "2.4"]
[WhiteElo "1576"]
[BlackElo "1439"]
[WhiteClock "00:23:21"]
[BlackClock "00:24:50"]
[WhiteTeam "Greifswalder SV"]
[BlackTeam "ESV Gera"]
[PlyCount "90"]
[WhiteFideId "12993727"]
[BlackFideId "16239520"]
[EventCountry "GER"]
[EventRounds "7"]
[EventType "team-swiss"]
[EventDate "2021.06.23"]

1. e4 {[%clk 1:30:52]} 1... c5 {[%clk 1:30:43]} 2. Nf3 {[%clk 1:30:59]} 2... d6
{[%clk 1:30:58]} 3. d4 {[%clk 1:31:11]} 3... cxd4 {[%clk 1:31:10]} 4. Nxd4 {
[%clk 1:31:26]} 4... Nf6 {[%clk 1:31:26]} 5. Nc3 {[%clk 1:31:25]} 5... a6 {
[%clk 1:31:31]} 6. Be3 {[%clk 1:31:24]} 6... e5 {[%clk 1:31:24]} 7. Nb3 { [%clk
1:31:36]} 7... Be7 {[%clk 1:31:34]} 8. h3 {[%clk 1:31:31]} 8... Be6 { [%clk
1:31:22]} 9. f4 {[%clk 1:31:46]} 9... exf4 {[%clk 1:29:09]} 10. Bxf4 { [%clk
1:31:58]} 10... Nc6 {[%clk 1:28:34]} 11. Qf3 {[%clk 1:30:09]} 11... Ne5 { [%clk
1:23:40]} 12. Qf2 {[%clk 1:23:37]} 12... Qc7 {[%clk 1:17:21]} 13. O-O-O { [%clk
1:14:52]} 13... Rc8 {[%clk 1:13:27]} 14. g4 {[%clk 1:13:49]} 14... b5 { [%clk
1:10:05]} 15. g5 {[%clk 1:03:03]} 15... Nfd7 {[%clk 1:04:04]} 16. Kb1 { [%clk
0:58:11]} 16... Nb6 {[%clk 0:58:49]} 17. Nd4 {[%clk 0:49:18]} 17... Nec4 {[%clk
0:47:29]} 18. Nxe6 {[%clk 0:46:45]} 18... fxe6 {[%clk 0:46:20]} 19. Bxc4 {[%clk
0:46:45]} 19... Nxc4 {[%clk 0:46:18]} 20. Rhf1 {[%clk 0:44:17]} 20... O-O
{[%clk 0:36:51]} 21. Qg2 {[%clk 0:36:33]} 21... Nxb2 {[%clk 0:32:17]} 22. Nxb5
{[%clk 0:23:24]} 22... Qb6 {[%clk 0:24:24]} 23. Kxb2 {[%clk 0:20:53]} 23...
Qxb5+ {[%clk 0:24:38]} 24. Ka1 {[%clk 0:21:00]} 24... Qa4 {[%clk 0:23:34] } 25.
Rc1 {[%clk 0:10:52]} 25... e5 {[%clk 0:18:00]} 26. Be3 {[%clk 0:10:51]} 26...
Rxf1 {[%clk 0:15:34]} 27. Qxf1 {[%clk 0:11:12]} 27... Qxe4 { [%clk 0:12:14]}
28. Qxa6 {[%clk 0:08:23]} 28... Rxc2 {[%clk 0:08:26]} 29. Rxc2 {[%clk 0:08:45]}
29... Qxc2 {[%clk 0:08:36]} 30. Qa8+ {[%clk 0:09:01]} 30... Kf7 {[%clk
0:08:42]} 31. Qd5+ {[%clk 0:09:18]} 31... Ke8 {[%clk 0:08:49]} 32. Qa8+ {[%clk
0:08:39]} 32... Kd7 {[%clk 0:08:42]} 33. Qb7+ {[%clk 0:09:02]} 33... Ke6 {[%clk
0:07:17]} 34. Qf3 {[%clk 0:06:43]} 34... d5 {[%clk 0:05:40]} 35. Qg4+ {[%clk
0:04:00]} 35... Qf5 {[%clk 0:05:13]} 36. Qe2 36... Qxh3 { [%clk 0:02:58]} 37.
a4 {[%clk 0:01:49]} 37... Qh1+ {[%clk 0:02:10]} 38. Kb2 { [%clk 0:02:12]} 38...
Qe4 {[%clk 0:01:53]} 39. Qa6+ {[%clk 0:01:28]} 39... Kf7 {[%clk 0:02:15]} 40.
Bd2 {[%clk 0:00:40]} 40... Qd4+ {[%clk 0:00:38]} 41. Kc2 { [%clk 0:30:09]}
41... e4 {[%clk 0:26:50]} 42. Qf1+ {[%clk 0:26:07]} 42... Kg8 { [%clk 0:25:18]}
43. a5 {[%clk 0:26:15]} 43... e3 {[%clk 0:24:13]} 44. Bc3 { [%clk 0:25:16]}
44... Qa4+ {[%clk 0:24:33]} 45. Kd3 {[%clk 0:23:21]} 45... Qc4+ {[%clk
0:24:50]} 0-1

[Event "DVM U16 2020"]
[Site "Willingen GER"]
[Date "2021.06.25"]
[Round "4"]
[White "Mooser, Nicolas"]
[Black "Bethke, Richard"]
[Result "0-1"]
[Termination "normal"]
[Board "3.1"]
[BlackTitle "FM"]
[WhiteElo "2148"]
[BlackElo "2332"]
[WhiteClock "00:24:11"]
[BlackClock "01:02:58"]
[WhiteTeam "FC Ergolding 1932 e.V."]
[BlackTeam "SF Neuberg"]
[PlyCount "108"]
[WhiteFideId "12979406"]
[BlackFideId "12959243"]
[EventCountry "GER"]
[EventRounds "7"]
[EventType "team-swiss"]
[EventDate "2021.06.23"]

1. d4 {[%clk 1:30:51]} 1... d5 {[%clk 1:30:52]} 2. c4 {[%clk 1:31:17]} 2... e6
{[%clk 1:31:19]} 3. g3 {[%clk 1:31:43]} 3... Nf6 {[%clk 1:31:41]} 4. Bg2 {
[%clk 1:32:09]} 4... Bb4+ {[%clk 1:32:04]} 5. Bd2 {[%clk 1:32:34]} 5... Bd6 {
[%clk 1:32:29]} 6. Nf3 {[%clk 1:32:45]} 6... c6 {[%clk 1:32:56]} 7. O-O { [%clk
1:33:08]} 7... O-O {[%clk 1:33:18]} 8. b3 {[%clk 1:32:16]} 8... Ne4 { [%clk
1:33:05]} 9. Nc3 {[%clk 1:30:42]} 9... f5 {[%clk 1:32:55]} 10. Qc2 { [%clk
1:29:04]} 10... Nd7 {[%clk 1:30:05]} 11. Bf4 {[%clk 1:27:59]} 11... Bxf4 {[%clk
1:30:29]} 12. gxf4 {[%clk 1:28:24]} 12... b6 {[%clk 1:29:40]} 13. e3 { [%clk
1:19:51]} 13... Bb7 {[%clk 1:28:53]} 14. Ne1 {[%clk 0:59:55]} 14... Rc8 { [%clk
1:25:51]} 15. Ne2 {[%clk 0:47:38]} 15... c5 {[%clk 1:24:33]} 16. Rc1 { [%clk
0:41:15]} 16... dxc4 {[%clk 1:22:52]} 17. bxc4 {[%clk 0:41:01]} 17... cxd4
{[%clk 1:20:17]} 18. Nxd4 {[%clk 0:41:15]} 18... Bd5 {[%clk 1:16:56]} 19. Qe2
{[%clk 0:27:09]} 19... e5 {[%clk 1:11:25]} 20. Nb3 {[%clk 0:20:38]} 20... Be6
{[%clk 1:09:47]} 21. Nf3 {[%clk 0:17:23]} 21... Qc7 {[%clk 1:06:59]} 22. fxe5
{[%clk 0:15:49]} 22... Nxe5 {[%clk 1:05:37]} 23. Nxe5 {[%clk 0:15:42]} 23...
Qxe5 {[%clk 1:06:01]} 24. Nd4 {[%clk 0:15:20]} 24... Bf7 {[%clk 1:04:56]} 25.
Rfd1 {[%clk 0:15:10]} 25... Rc5 {[%clk 1:02:44]} 26. Qd3 {[%clk 0:08:17]} 26...
Rfc8 {[%clk 0:56:08]} 27. Nxf5 {[%clk 0:07:09]} 27... Nxf2 { [%clk 0:55:38]}
28. Qd8+ {[%clk 0:02:50]} 28... Rxd8 {[%clk 0:44:29]} 29. Rxd8+ {[%clk
0:03:15]} 29... Be8 {[%clk 0:44:54]} 30. Nd6 {[%clk 0:03:37]} 30... Rc8 {[%clk
0:36:33]} 31. Rxc8 {[%clk 0:03:06]} 31... Qxd6 {[%clk 0:36:58]} 32. Rxe8+
{[%clk 0:02:46]} 32... Kf7 {[%clk 0:37:21]} 33. Rc8 {[%clk 0:02:17]} 33... Ng4
{[%clk 0:36:21]} 34. Bd5+ {[%clk 0:01:24]} 34... Ke7 {[%clk 0:36:47]} 35. Rc2
{[%clk 0:01:12]} 35... Nxe3 {[%clk 0:35:10]} 36. Re2 {[%clk 0:00:44]} 36...
Qg6+ {[%clk 0:35:03]} 37. Bg2 {[%clk 0:00:46]} 37... Qb1+ {[%clk 0:35:27] } 38.
Kf2 {[%clk 0:01:09]} 38... Qf5+ {[%clk 0:35:52]} 39. Bf3 {[%clk 0:01:25]} 39...
Qxc8 {[%clk 0:36:16]} 40. Rxe3+ {[%clk 0:01:51]} 40... Kd6 { [%clk 0:36:05]}
41. Bd5 {[%clk 0:01:03]} 41... Qf5+ {[%clk 0:35:41]} 42. Kg3 { [%clk 0:01:11]}
42... h5 {[%clk 0:34:56]} 43. h3 {[%clk 0:30:03]} 43... g5 { [%clk 1:04:40]}
44. Ra3 {[%clk 0:29:06]} 44... Qf4+ {[%clk 1:03:19]} 45. Kg2 { [%clk 0:29:27]}
45... Qd2+ {[%clk 1:03:46]} 46. Kg3 {[%clk 0:28:08]} 46... Qe1+ {[%clk
1:03:10]} 47. Kf3 {[%clk 0:23:20]} 47... Qf1+ {[%clk 1:03:03]} 48. Kg3 { [%clk
0:23:37]} 48... Qg1+ {[%clk 1:02:41]} 49. Bg2 {[%clk 0:23:23]} 49... h4+ {[%clk
1:01:30]} 50. Kf3 {[%clk 0:23:43]} 50... Qd1+ {[%clk 1:01:57]} 51. Kf2 { [%clk
0:23:27]} 51... Qd2+ {[%clk 1:01:59]} 52. Kf3 {[%clk 0:23:40]} 52... Qf4+
{[%clk 1:02:22]} 53. Ke2 {[%clk 0:24:03]} 53... Qe5+ {[%clk 1:02:33]} 54. Kf1 {
[%clk 0:24:11]} 54... Qa1+ {[%clk 1:02:58]} 0-1

[Event "DVM U16 2020"]
[Site "Willingen GER"]
[Date "2021.06.25"]
[Round "4"]
[White "Baranyai-Molnar, Adam-Kristof"]
[Black "Lohr, Maximilian"]
[Result "1/2-1/2"]
[Termination "normal"]
[Board "3.2"]
[WhiteElo "1783"]
[BlackElo "2024"]
[WhiteClock "00:01:15"]
[BlackClock "00:14:59"]
[WhiteTeam "SF Neuberg"]
[BlackTeam "FC Ergolding 1932 e.V."]
[PlyCount "123"]
[WhiteFideId "768022"]
[BlackFideId "12999717"]
[EventCountry "GER"]
[EventRounds "7"]
[EventType "team-swiss"]
[EventDate "2021.06.23"]

1. e4 {[%clk 1:30:58]} 1... c5 {[%clk 1:30:54]} 2. Nf3 {[%clk 1:31:24]} 2... d6
{[%clk 1:31:19]} 3. d4 {[%clk 1:31:51]} 3... cxd4 {[%clk 1:31:45]} 4. Nxd4 {
[%clk 1:32:17]} 4... Nf6 {[%clk 1:32:09]} 5. Nc3 {[%clk 1:32:42]} 5... a6 {
[%clk 1:32:36]} 6. Bc4 {[%clk 1:32:52]} 6... e6 {[%clk 1:32:47]} 7. Bb3 { [%clk
1:33:08]} 7... Nbd7 {[%clk 1:33:02]} 8. O-O {[%clk 1:32:37]} 8... Nc5 { [%clk
1:33:24]} 9. f4 {[%clk 1:17:50]} 9... Qc7 {[%clk 1:24:59]} 10. Qe2 { [%clk
0:57:49]} 10... Be7 {[%clk 1:20:45]} 11. f5 {[%clk 0:57:21]} 11... b5 { [%clk
1:12:18]} 12. fxe6 {[%clk 0:44:05]} 12... fxe6 {[%clk 1:12:37]} 13. a3 { [%clk
0:44:19]} 13... O-O {[%clk 1:09:06]} 14. Bf4 {[%clk 0:40:56]} 14... Nxb3 {[%clk
1:04:16]} 15. Nxb3 {[%clk 0:41:17]} 15... e5 {[%clk 1:04:40]} 16. Bg5 { [%clk
0:41:11]} 16... Be6 {[%clk 1:04:54]} 17. Nd2 {[%clk 0:38:32]} 17... Rac8 {[%clk
0:47:05]} 18. Bxf6 {[%clk 0:32:15]} 18... Bxf6 {[%clk 0:47:18]} 19. Rad1 {[%clk
0:31:54]} 19... Bg5 {[%clk 0:42:40]} 20. Rxf8+ {[%clk 0:30:40]} 20... Rxf8
{[%clk 0:42:58]} 21. Nf3 {[%clk 0:29:55]} 21... Qc5+ {[%clk 0:30:53]} 22. Kh1
{[%clk 0:29:32]} 22... Bg4 {[%clk 0:28:38]} 23. Rf1 {[%clk 0:23:11]} 23... b4
{[%clk 0:17:15]} 24. axb4 {[%clk 0:22:49]} 24... Qxb4 {[%clk 0:17:29]} 25. Qd3
{[%clk 0:21:49]} 25... Bd8 26. b3 {[%clk 0:20:44]} 26... h6 {[%clk 0:11:24] }
27. Nd5 {[%clk 0:20:30]} 27... Qc5 {[%clk 0:11:10]} 28. h3 {[%clk 0:20:44]}
28... Be6 {[%clk 0:10:11]} 29. c4 {[%clk 0:20:33]} 29... Bxd5 {[%clk 0:08:54]}
30. Qxd5+ {[%clk 0:20:08]} 30... Qxd5 {[%clk 0:09:16]} 31. cxd5 {[%clk 0:20:32]
} 31... a5 {[%clk 0:08:33]} 32. Nd2 {[%clk 0:20:06]} 32... Re8 {[%clk 0:05:40]}
33. Nc4 {[%clk 0:19:24]} 33... Bc7 {[%clk 0:06:01]} 34. Rc1 {[%clk 0:18:48]}
34... Rb8 {[%clk 0:04:50]} 35. Rc3 {[%clk 0:13:21]} 35... Rb4 {[%clk 0:03:31]}
36. Nd2 {[%clk 0:10:22]} 36... Bb6 {[%clk 0:03:11]} 37. Rc4 {[%clk 0:10:07]}
37... Rb5 {[%clk 0:03:38]} 38. Rc8+ {[%clk 0:08:32]} 38... Kf7 {[%clk 0:03:18]}
39. Rb8 {[%clk 0:08:34]} 39... Rb4 {[%clk 0:01:51]} 40. Nc4 {[%clk 0:08:50]}
40... Bc5 {[%clk 0:02:16]} 41. Rxb4 {[%clk 0:09:13]} 41... Bxb4 {[%clk 0:29:27]
} 42. g4 {[%clk 0:38:05]} 42... Kf6 {[%clk 0:29:36]} 43. h4 {[%clk 0:36:14]}
43... Be1 {[%clk 0:24:11]} 44. Nxd6 {[%clk 0:35:30]} 44... Bxh4 {[%clk 0:23:21]
} 45. Kg2 {[%clk 0:35:43]} 45... g6 {[%clk 0:22:37]} 46. Nb7 {[%clk 0:33:15]}
46... Be1 {[%clk 0:22:51]} 47. Nc5 {[%clk 0:33:30]} 47... Bc3 {[%clk 0:22:25]}
48. Ne6 {[%clk 0:33:12]} 48... h5 {[%clk 0:20:32]} 49. gxh5 {[%clk 0:32:02]}
49... gxh5 {[%clk 0:20:58]} 50. Kf3 {[%clk 0:30:00]} 50... Bd2 {[%clk 0:20:25]}
51. Nc5 {[%clk 0:21:58]} 51... Bc3 {[%clk 0:17:46]} 52. Nd3 {[%clk 0:20:48]}
52... Bd2 {[%clk 0:17:41]} 53. Nf2 {[%clk 0:21:08]} 53... Kg5 {[%clk 0:16:56]}
54. Nd1 {[%clk 0:20:27]} 54... Bb4 {[%clk 0:15:46]} 55. Ne3 {[%clk 0:20:18]}
55... Kf6 {[%clk 0:14:52]} 56. Nf5 {[%clk 0:20:35]} 56... Bc3 {[%clk 0:14:41]}
57. Ng3 {[%clk 0:06:14]} 57... Kg5 {[%clk 0:14:49]} 58. d6 {[%clk 0:06:28]}
58... Kf6 {[%clk 0:15:01]} 59. Nxh5+ {[%clk 0:04:52]} 59... Ke6 {[%clk 0:15:24]
} 60. Ke3 {[%clk 0:05:17]} 60... Kxd6 {[%clk 0:15:43]} 61. Kd3 {[%clk 0:05:34]}
61... Be1 {[%clk 0:14:59]} 62. Kc4 {[%clk 0:01:15]} 1/2-1/2

[Event "DVM U16 2020"]
[Site "Willingen GER"]
[Date "2021.06.25"]
[Round "4"]
[White "Astner, Sebastian"]
[Black "Kolzenburg, Jan Niklas"]
[Result "1-0"]
[Termination "normal"]
[Board "3.3"]
[WhiteElo "1894"]
[BlackElo "1671"]
[WhiteClock "00:41:13"]
[BlackClock "00:00:53"]
[WhiteTeam "FC Ergolding 1932 e.V."]
[BlackTeam "SF Neuberg"]
[PlyCount "111"]
[WhiteFideId "12979422"]
[BlackFideId "16274830"]
[EventCountry "GER"]
[EventRounds "7"]
[EventType "team-swiss"]
[EventDate "2021.06.23"]

1. e4 {[%clk 1:30:59]} 1... e5 {[%clk 1:30:52]} 2. Nf3 {[%clk 1:31:27]} 2...
Nc6 {[%clk 1:30:36]} 3. d4 {[%clk 1:31:44]} 3... exd4 {[%clk 1:30:22]} 4. Bc4 {
[%clk 1:31:49]} 4... Bc5 {[%clk 1:30:05]} 5. c3 {[%clk 1:31:03]} 5... Nf6 {
[%clk 1:28:10]} 6. e5 {[%clk 1:28:29]} 6... d5 {[%clk 1:10:28]} 7. Bb5 { [%clk
1:26:45]} 7... Nd7 {[%clk 0:57:53]} 8. cxd4 {[%clk 1:24:32]} 8... Be7 { [%clk
0:53:36]} 9. O-O {[%clk 1:23:02]} 9... O-O {[%clk 0:50:15]} 10. Nbd2 { [%clk
1:21:02]} 10... Nb6 {[%clk 0:42:50]} 11. Bxc6 {[%clk 1:18:25]} 11... bxc6
{[%clk 0:43:01]} 12. Qc2 {[%clk 1:18:17]} 12... Bd7 {[%clk 0:41:15]} 13. Nb3 {
[%clk 1:15:17]} 13... Nc4 {[%clk 0:35:14]} 14. Nfd2 {[%clk 1:13:18]} 14... Nxd2
{[%clk 0:27:49]} 15. Bxd2 {[%clk 1:13:40]} 15... Rb8 {[%clk 0:27:09]} 16. a3 {
[%clk 1:03:17]} 16... f6 {[%clk 0:25:40]} 17. Rae1 {[%clk 0:59:18]} 17... c5 {
[%clk 0:21:34]} 18. Nxc5 {[%clk 0:56:18]} 18... Bxc5 {[%clk 0:10:11]} 19. Qxc5
{[%clk 0:55:34]} 19... Bb5 20. Bb4 {[%clk 0:54:31]} 20... Bxf1 {[%clk 0:06:43]}
21. Qxf8+ {[%clk 0:45:28]} 21... Qxf8 {[%clk 0:07:06]} 22. Bxf8 {[%clk 0:45:56]
} 22... Rxb2 {[%clk 0:06:30]} 23. Bc5 {[%clk 0:28:09]} 23... Bc4 { [%clk
0:06:42]} 24. e6 {[%clk 0:27:50]} 24... Re2 {[%clk 0:01:40]} 25. Rxe2 { [%clk
0:27:59]} 25... Bxe2 {[%clk 0:02:06]} 26. Bxa7 {[%clk 0:28:20]} 26... Bb5
{[%clk 0:01:33]} 27. Bc5 {[%clk 0:27:58]} 27... g6 {[%clk 0:01:25]} 28. f3 {
[%clk 0:27:11]} 28... Kg7 {[%clk 0:01:41]} 29. Kf2 {[%clk 0:27:07]} 29... h5 {
[%clk 0:01:28]} 30. Ke3 {[%clk 0:26:41]} 30... g5 {[%clk 0:00:55]} 31. f4 {
[%clk 0:21:48]} 31... Kg6 {[%clk 0:00:41]} 32. Be7 {[%clk 0:20:29]} 32... Bc6 {
[%clk 0:00:36]} 33. Bd8 {[%clk 0:20:47]} 33... Kf5 {[%clk 0:00:38]} 34. e7 {
[%clk 0:16:52]} 34... Kg4 {[%clk 0:00:36]} 35. Bxc7 {[%clk 0:16:42]} 35... h4 {
[%clk 0:00:32]} 36. h3+ {[%clk 0:15:01]} 36... Kf5 {[%clk 0:00:44]} 37. fxg5 {
[%clk 0:14:55]} 37... fxg5 {[%clk 0:00:56]} 38. Kf3 {[%clk 0:13:56]} 38... Ba4
{[%clk 0:00:43]} 39. g3 {[%clk 0:10:40]} 39... hxg3 {[%clk 0:00:39]} 40. Kxg3 {
[%clk 0:11:02]} 40... Kf6 {[%clk 0:00:37]} 41. Bd6 {[%clk 0:10:04]} 41... Bd7 {
[%clk 0:23:49]} 42. h4 {[%clk 0:39:14]} 42... gxh4+ {[%clk 0:18:33]} 43. Kxh4 {
[%clk 0:39:35]} 43... Bc6 {[%clk 0:04:18]} 44. Kg4 {[%clk 0:38:20]} 44... Bb5 {
[%clk 0:02:38]} 45. Kf4 {[%clk 0:38:30]} 45... Bc6 {[%clk 0:02:28]} 46. Bc5 {
[%clk 0:38:23]} 46... Bb5 {[%clk 0:01:39]} 47. Ke3 {[%clk 0:38:21]} 47... Ke6 {
[%clk 0:02:00]} 48. Kd2 {[%clk 0:38:46]} 48... Kd7 {[%clk 0:02:22]} 49. Kc3 {
[%clk 0:39:11]} 49... Kc7 {[%clk 0:02:29]} 50. Kb4 {[%clk 0:39:32]} 50... Bc6 {
[%clk 0:02:11]} 51. a4 {[%clk 0:39:29]} 51... Kb7 {[%clk 0:01:33]} 52. a5 {
[%clk 0:39:50]} 52... Ka6 {[%clk 0:00:48]} 53. Bb6 {[%clk 0:40:15]} 53... Be8
54. Kc5 {[%clk 0:40:36]} 54... Kb7 {[%clk 0:00:48]} 55. Kxd5 {[%clk 0:40:59]}
55... Bd7 {[%clk 0:00:53]} 56. Ke5 {[%clk 0:41:13]} 1-0

[Event "DVM U16 2020"]
[Site "Willingen GER"]
[Date "2021.06.25"]
[Round "4"]
[White "Emmerich, Julian"]
[Black "Sowka, Patrick"]
[Result "0-1"]
[Termination "normal"]
[Board "3.4"]
[WhiteElo "1369"]
[BlackElo "1616"]
[WhiteClock "00:00:33"]
[BlackClock "00:34:17"]
[WhiteTeam "SF Neuberg"]
[BlackTeam "FC Ergolding 1932 e.V."]
[PlyCount "66"]
[WhiteFideId "16274822"]
[BlackFideId "16234944"]
[EventCountry "GER"]
[EventRounds "7"]
[EventType "team-swiss"]
[EventDate "2021.06.23"]

1. e4 {[%clk 1:30:53]} 1... g6 {[%clk 1:30:52]} 2. d4 {[%clk 1:31:02]} 2... Bg7
{[%clk 1:31:07]} 3. Nf3 {[%clk 1:31:03]} 3... d6 {[%clk 1:31:18]} 4. Be3 {
[%clk 1:30:56]} 4... Nf6 {[%clk 1:30:52]} 5. Nc3 {[%clk 1:30:33]} 5... O-O {
[%clk 1:30:02]} 6. Be2 {[%clk 1:26:46]} 6... Nbd7 {[%clk 1:27:45]} 7. Qd2 {
[%clk 1:25:52]} 7... c5 {[%clk 1:25:13]} 8. O-O {[%clk 1:22:39]} 8... Ng4 {
[%clk 1:22:03]} 9. Bg5 {[%clk 1:09:27]} 9... Re8 {[%clk 1:11:52]} 10. h3 {
[%clk 1:03:33]} 10... cxd4 {[%clk 1:11:53]} 11. Nxd4 {[%clk 1:03:41]} 11...
Nge5 {[%clk 1:05:10]} 12. Nd5 {[%clk 0:57:16]} 12... Nc5 {[%clk 0:49:58]} 13.
Nxe7+ {[%clk 0:38:02]} 13... Rxe7 {[%clk 0:50:21]} 14. Bxe7 {[%clk 0:38:28]}
14... Qxe7 {[%clk 0:50:48]} 15. f3 {[%clk 0:38:35]} 15... b6 {[%clk 0:37:41]}
16. Rad1 {[%clk 0:34:12]} 16... Bb7 {[%clk 0:26:34]} 17. Nb5 {[%clk 0:28:02]}
17... Rd8 {[%clk 0:26:29]} 18. b3 {[%clk 0:16:13]} 18... a6 19. Nc3 { [%clk
0:12:51]} 19... Qe6 {[%clk 0:10:39]} 20. b4 {[%clk 0:11:39]} 20... Nc4 { [%clk
0:07:04]} 21. Bxc4 {[%clk 0:04:48]} 21... Qxc4 {[%clk 0:07:29]} 22. bxc5 {[%clk
0:05:10]} 22... Bxc3 {[%clk 0:07:50]} 23. Qd3 {[%clk 0:01:19]} 23... Qxc5+
{[%clk 0:08:03]} 24. Kh1 {[%clk 0:01:41]} 24... Bc6 {[%clk 0:06:30]} 25. Rg1
{[%clk 0:00:48]} 25... Bb5 {[%clk 0:04:50]} 26. Qd5 {[%clk 0:00:59]} 26... Qxd5
{[%clk 0:04:59]} 27. Rxd5 {[%clk 0:01:22]} 27... Bc4 {[%clk 0:05:23]} 28. Rdd1
{[%clk 0:00:31]} 28... Bxa2 {[%clk 0:05:39]} 29. Rd3 {[%clk 0:00:34]} 29... Bb4
{[%clk 0:05:53]} 30. c3 {[%clk 0:00:32]} 30... Bc5 {[%clk 0:06:03]} 31. Ra1
{[%clk 0:00:31]} 31... Bc4 {[%clk 0:06:27]} 32. Rd2 {[%clk 0:00:37]} 32... Kf8
{[%clk 0:05:42]} 33. g3 {[%clk 0:00:33]} 33... Ke7 {[%clk 0:34:17]} 0-1

[Event "DVM U16 2020"]
[Site "Willingen GER"]
[Date "2021.06.25"]
[Round "4"]
[White "Pahl, Erik"]
[Black "Nguyen, Alex Dac-Vuong"]
[Result "1/2-1/2"]
[Termination "normal"]
[Board "4.1"]
[BlackTitle "FM"]
[WhiteElo "2110"]
[BlackElo "2307"]
[WhiteClock "00:17:21"]
[BlackClock "00:17:02"]
[WhiteTeam "Delmenhorster SK"]
[BlackTeam "Schachgemeinschaft Leipzig"]
[PlyCount "89"]
[WhiteFideId "16201272"]
[BlackFideId "12984388"]
[EventCountry "GER"]
[EventRounds "7"]
[EventType "team-swiss"]
[EventDate "2021.06.23"]

1. e4 {[%clk 1:30:52]} 1... c6 {[%clk 1:30:54]} 2. Nf3 {[%clk 1:31:14]} 2... d5
{[%clk 1:31:18]} 3. Nc3 {[%clk 1:31:39]} 3... Bg4 {[%clk 1:31:42]} 4. h3 {
[%clk 1:32:02]} 4... Bxf3 {[%clk 1:32:06]} 5. Qxf3 {[%clk 1:32:27]} 5... e6 {
[%clk 1:32:28]} 6. d4 {[%clk 1:32:51]} 6... Nf6 {[%clk 1:32:32]} 7. Bd3 { [%clk
1:33:09]} 7... dxe4 {[%clk 1:32:49]} 8. Nxe4 {[%clk 1:33:27]} 8... Qxd4 { [%clk
1:31:45]} 9. Bd2 {[%clk 1:25:16]} 9... Nbd7 {[%clk 1:12:36]} 10. O-O-O { [%clk
1:09:07]} 10... Be7 {[%clk 1:04:23]} 11. Bc3 {[%clk 1:05:21]} 11... Qd5 { [%clk
0:58:19]} 12. Kb1 {[%clk 1:03:09]} 12... O-O-O {[%clk 0:37:42]} 13. Rhe1 {[%clk
0:58:41]} 13... Nc5 {[%clk 0:26:55]} 14. Bf1 {[%clk 0:48:20]} 14... Qxd1+
{[%clk 0:19:50]} 15. Rxd1 {[%clk 0:48:16]} 15... Rxd1+ {[%clk 0:19:55]} 16.
Qxd1 {[%clk 0:48:41]} 16... Ncxe4 {[%clk 0:20:04]} 17. Qf3 {[%clk 0:45:38]}
17... Rd8 {[%clk 0:18:38]} 18. Bd3 {[%clk 0:44:13]} 18... Nxc3+ {[%clk 0:17:37]
} 19. bxc3 {[%clk 0:44:36]} 19... Rd7 {[%clk 0:15:35]} 20. c4 {[%clk 0:44:07]}
20... Bc5 {[%clk 0:13:40]} 21. c3 {[%clk 0:39:57]} 21... h6 {[%clk 0:11:32]}
22. Kc2 {[%clk 0:40:07]} 22... Ne8 {[%clk 0:10:50]} 23. Qg3 {[%clk 0:37:38]}
23... Be7 {[%clk 0:09:27]} 24. Qe3 {[%clk 0:35:17]} 24... Kb8 {[%clk 0:09:49]}
25. f4 {[%clk 0:35:00]} 25... Bd6 {[%clk 0:08:05]} 26. g3 {[%clk 0:30:43]}
26... Nc7 {[%clk 0:07:09]} 27. Qd4 {[%clk 0:28:17]} 27... e5 {[%clk 0:06:06]}
28. fxe5 {[%clk 0:26:02]} 28... Ne6 {[%clk 0:06:32]} 29. Qe3 {[%clk 0:25:10]}
29... Bc5 {[%clk 0:06:26]} 30. Qf3 {[%clk 0:24:25]} 30... Bd4 {[%clk 0:03:37]}
31. Qe2 {[%clk 0:20:35]} 31... Re7 {[%clk 0:02:06]} 32. Bf5 {[%clk 0:19:20]}
32... Bb6 {[%clk 0:02:33]} 33. Qg4 {[%clk 0:18:40]} 33... Bc7 {[%clk 0:01:06]}
34. Bxe6 {[%clk 0:18:26]} 34... fxe6 {[%clk 0:01:35]} 35. Qf4 {[%clk 0:18:16]}
35... Kc8 {[%clk 0:01:36]} 36. Kd3 {[%clk 0:17:06]} 36... c5 {[%clk 0:01:05]}
37. Ke4 {[%clk 0:16:22]} 37... Kd7 {[%clk 0:01:07]} 38. Qf2 {[%clk 0:13:17]}
38... b6 {[%clk 0:01:23]} 39. Qf8 {[%clk 0:11:52]} 39... Bd8 {[%clk 0:01:17]}
40. h4 {[%clk 0:11:39]} 40... a5 {[%clk 0:00:38]} 41. h5 {[%clk 0:04:38]} 41...
Bc7 {[%clk 0:24:14]} 42. Qf3 {[%clk 0:31:06]} 42... Kc8 {[%clk 0:16:24]} 43.
Qf8+ {[%clk 0:17:43]} 43... Kd7 {[%clk 0:16:37]} 44. Qf3 {[%clk 0:17:04]} 44...
Kc8 {[%clk 0:17:02]} 45. Qf8+ {[%clk 0:17:21]} 1/2-1/2